000 00551nam a2200181Ia 4500
003 GCL
008 140319s9999 xx 000 0 ara d
040 _aGCL /
_cGCL
082 0 4 _aد
_b050
100 1 _aابراهيم عبدالمعطى
245 1 0 _aالطبيب البيطرى فى خدمة المجتمع ( اقرا 445 ) /
_cابراهيم عبدالمعطى
300 _a246 ص
490 _aوثائق ونصوص
_v0
650 0 4 _aالطب البيطرى
650 0 4 _aالاطباء
650 0 4 _aصحة الحيوان
942 _2ddc
_cCF
999 _c27264
_d27264